Consultoría a micro y pequeñas empresas del agrupamiento empresarial del sector vestido /

Đã lưu trong:
Chi tiết về thư mục
Tác giả chính: Chávez Luévanos, Fátima (autor)
Định dạng: Luận văn Sách
Ngôn ngữ:Tiếng Tây Ban Nha
Những chủ đề:
Các nhãn: Thêm thẻ
Không có thẻ, Là người đầu tiên thẻ bản ghi này!

MARC

LEADER 00000nam^a2200000^a^4500
001 000111903
005 20250521000000.0
009 20260310093848.25
037 |a Acervo ITESO - Biblioteca 
041 |a ESP 
090 |a PSI. 489 
100 |a Chávez Luévanos, Fátima  |e (autor) 
245 1 0 |a Consultoría a micro y pequeñas empresas del agrupamiento empresarial del sector vestido /  |c F. Chávez Luévanos. 
264 |a Guadalajara, México :  |b edición de autor,  |c 2000 
300 |a 105, [14] p. 
336 |a texto  |b txt  |2 rdacontenido 
337 |a sin mediación  |b n  |2 rdamedio 
338 |a volumen  |b nc  |2 rdasoporte 
502 |a ITESO Reporte de Servicio Social de Licenciatura en Psicología 
649 |a XX 
650 |a Industria del Vestido 
650 |a Empresas Integradoras 
650 |a Pequeña Empresa 
650 |a Microempresa 
650 |a Cultura Organizacional 
650 |a Desarrollo Organizacional 
650 |a Recursos Humanos 
650 |a Psicología Laboral 
910 |a Fondo General 
920 |a Impresos - Tesis del ITESO 
930 |a Colección General 
905 |a 104 
901 |a 0500048771  |b IT2  |c TSS  |u 20250521 
902 |a https://opac.biblio.iteso.mx/vufind/Record/000111903